Bytový dom

Gespeichert in:
Bibliographische Detailangaben
1. Verfasser: Bugár, Martin (Verfasst von)
Weitere Verfasser: Jamnický, Martin (Betreuung Doktorarbeit)
Format: Manuskript Buch
Sprache:Slowakisch
Veröffentlicht: 2025
Schlagworte:
Online-Zugang:http://is.stuba.sk/zp/portal_zp.pl?podrobnosti=167515
CRZP
Tags: Tag hinzufügen
Keine Tags, Fügen Sie das erste Tag hinzu!

MARC

LEADER 00000ntm a22000003a 4500
001 stuzp105013
003 SK-STU
005 20250721112917.1
007 ta
008 150427s2015----xo-----f-mn---000-0-slo-d
040 |a STU  |b slo 
041 0 |a slo 
100 1 |a Bugár, Martin  |u 010180  |4 aut  |U SvF Stavebná fakulta  |T SvF Katedra konštrukcií pozemných stavieb  |X 114897  |U V180  |Y 18  |7 114897 
242 0 1 |a Residential House  |y eng 
245 1 0 |a Bytový dom 
260 |c 2025 
650 4 |a bytový dom  |2 slo 
650 4 |a bakalárska práca  |2 slo 
650 4 |a realizačný projekt  |2 slo 
650 4 |a apartment building  |2 eng 
650 4 |a bachelor thesis  |2 eng 
650 4 |a construction documentation  |2 eng 
700 1 |a Jamnický, Martin  |u 010180  |k Z1  |4 ths  |U SvF Stavebná fakulta  |T SvF Katedra konštrukcií pozemných stavieb  |X 4052  |U V180  |Y 18  |7 A000004052 
856 4 |u http://is.stuba.sk/zp/portal_zp.pl?podrobnosti=167515 
856 4 |u https://opac.crzp.sk/?fn=detailBiblioForm&sid=12BF14ADF430A4F4BBF55BB4236B  |z CRZP